000 00455nam a2200169Ia 4500
003 GCL
008 140319s9999 xx 000 0 ara d
040 _aGCL /
_cGCL
082 0 4 _a813.01
_bت ص
100 1 _aتوفيق المبيض
245 1 0 _aالصوت والكرامة /
_cتوفيق المبيض
300 _a140 ص
490 _a
650 0 4 _aالادب العربى
650 0 4 _aالقصص العربية القصيرة
942 _2ddc
_cBK
999 _c46797
_d46797